O pato e o sapo (Record no. 189974)

MARC details
000 -LÍDER
campo de controle de tamanho fixo 00349 a2200169 4500
001 - NÚMERO DE CONTROLE
campo de controle 189974
020 ## - ISBN - INTERNATIONAL STANDARD BOOK NUMBER
ISBN - International Standard Book Number 85-08-11351-4
040 ## - FONTE DA CATALOGAÇÃO
Instituição que transcreveu o registro Magnum
100 ## - ENTRADA PRINCIPAL--NOME PESSOAL
Nome pessoal Junqueira, Sonia
240 10 - TÍTULO UNIFORME
Título uniforme O pato e o sapo
Idioma da obra por
245 10 - TÍTULO
Título O pato e o sapo
300 ## - DESCRIÇÃO FÍSICA
Extensão 24
362 0# - DATAS DE PUBLICAÇÃO E/OU DESIGNAÇÃO SEQUENCIAL
Datas de publicação e/ou designação sequencial 2007
440 #1 - DECLARAÇÃO DE SÉRIE/ENTRADA ADICIONADA--TÍTULO
Título Ática
697 ## - ENTRADA DE ASSUNTO LOCAL--ENTIDADE COLETIVA (RLIN)
Nome corporativo ou nome da jurisdição LITERATURA INFANTIL
942 ## - ELEMENTOS DE ENTRADA ADICIONADOS (KOHA)
Tipo de material Koha Livros
Holdings
Situação do descarte Situação das perdas Situação física Não pode ser emprestado Biblioteca de origem Biblioteca atual Data de aquisição Total de empréstimos Número de chamada completo Código de barras Data de último acesso Data do preço efetivo Tipo de material Koha
        Magnum Magnum 08/06/2024   869.0.728 MAG00065822 08/06/2024 08/06/2024 Livros
        Magnum Magnum 08/06/2024   869.0.728 MAG00065823 08/06/2024 08/06/2024 Livros
        Magnum Magnum 08/06/2024   869.0.728 MAG00076259 08/06/2024 08/06/2024 Livros
        Magnum Magnum 08/06/2024   869.0.728 MAG00076650 08/06/2024 08/06/2024 Livros
        Magnum Magnum 08/06/2024   869.0.728 MAG00076651 08/06/2024 08/06/2024 Livros
        Magnum Magnum 08/06/2024   869.0.728 MAG00076652 08/06/2024 08/06/2024 Livros
        Magnum Magnum 08/06/2024   869.0.728 MAG00076653 08/06/2024 08/06/2024 Livros
        Magnum Magnum 08/06/2024   869.0.728 MAG00076654 08/06/2024 08/06/2024 Livros
        Magnum Magnum 08/06/2024   869.0.728 MAG00076695 08/06/2024 08/06/2024 Livros